000 00570nam a2200229Ia 4500
003 OSt
005 20220924134405.0
006 a|||||r|||| 00| 0
007 ta
008 220923b |||||||| |||| 00| 0 mal d
024 _a274021
037 _cTextual
040 _aARTS
_cARTS
_bmal
041 _2mal
_amal
082 _aO32,3NMAw, L3
100 _aMadhavikutty
_9208492
245 0 _aEnte katha
260 _c1973
650 _aMALAYALAM FICTION
_9183428
942 _hO32,3NMAw, L3
_cTEXL
_2CC
999 _c437344
_d437344